Open systems / (Record no. 8771)

MARC details
000 -LEADER
campo de control de longitud fija 00616nam a2200229 i 4500
001 - NÚMERO DE CONTROL
campo de control 8771
003 - IDENTIFICADOR DE NÚMERO DE CONTROL
campo de control ES-MaACL
005 - FECHA Y HORA DE LA ÚLTIMA TRANSACCIÓN
campo de control 20230906145527.0
007 - CAMPO FIJO DE DESCRIPCIÓN FÍSICA--INFORMACIÓN GENERAL
campo de control de longitud fija t|
008 - DATOS DE LONGITUD FIJA--INFORMACIÓN GENERAL
campo de control de longitud fija 920929s1992 xxu ||||1| eng d
020 ## - NÚMERO INTERNACIONAL ESTÁNDAR DEL LIBRO
Número Internacional Estándar del Libro 0-13-636234-6
080 ## - NÚMERO DE LA CLASIFICACIÓN DECIMAL UNIVERSAL
Número de la Clasificación Decimal Universal 621-52
100 1# - ENTRADA PRINCIPAL--NOMBRE DE PERSONA
Nombre de persona Nutt, Gary J.
9 (RLIN) 86252
245 10 - MENCIÓN DEL TÍTULO
Título Open systems /
Mención de responsabilidad, etc. Gary J. Nutt.
260 ## - PUBLICACIÓN, DISTRIBUCIÓN, ETC.
Lugar de publicación, distribución, etc. New Jersey :
Nombre del editor, distribuidor, etc. Prentice Hall,
Fecha de publicación, distribución, etc. cop. 1992.
300 ## - DESCRIPCIÓN FÍSICA
Extensión X, 292 p. ;
Dimensiones 24 cm.
500 ## - NOTA GENERAL
Nota general Indices.
504 ## - NOTA DE BIBLIOGRAFÍA, ETC.
Nota de bibliografía, etc. Bibliogr.: p. 271-281.
650 #4 - PUNTO DE ACCESO ADICIONAL DE MATERIA--TÉRMINO DE MATERIA
Término de materia o nombre geográfico como elemento de entrada Sistemas abiertos.
9 (RLIN) 17137
650 #4 - PUNTO DE ACCESO ADICIONAL DE MATERIA--TÉRMINO DE MATERIA
Término de materia o nombre geográfico como elemento de entrada Sistemas operativos.
9 (RLIN) 17143
852 ## - LOCALIZACIÓN
Ubicación ES-MaACL
Número de control de estantería L-16037
Sublocalización o colección R.120773
Holdings
Estatus retirado Estado de pérdida Estado de daño No para préstamo Biblioteca de origen Biblioteca actual Ubicación en estantería Fecha de adquisición Fuente de adquisición Total de préstamos Signatura topográfica completa Código de barras Visto por última vez Precio de reemplazo Tipo de ítem Koha
        Biblioteca del Ateneo de Madrid Biblioteca del Ateneo de Madrid Depósito 2 17/01/2008     L-16037 1008957 23/02/2023 23/02/2023 Libro impreso